| Поле | Инд. | ПП | Название | Значение |
|---|---|---|---|---|
| Тип записи | a | |||
| Библиографический уровень | m | |||
| 001 | Контрольный номер | a4e77f12-2a44-49e8-95c2-229f4645efa6 | ||
| 005 | Дата корректировки | 20140703123928.1 | ||
| 008 | Кодируемые данные | 040130 | ||
| 020 | a | ISBN | 5-7609-0220-2 | |
| c | Цена, тираж | 35.00 | ||
| 040 | a | Служба первич. каталог. | НБ ТвГУ | |
| 041 | a | Код языка текста | rus | |
| 080 | a | Индекс УДК | 519.876(082) | |
| 084 | a | Индекс другой классификации/Индекс ББК | З817 | |
| 090 | x | Авторский знак | С48 | |
| a | Полочн. индекс | З817 | ||
| 245 | 10 | a | Заглавие | Сложные системы: обработка информации, моделирование и оптимизация |
| b | Продолж. заглавия | Сб. науч. тр. : Посвящ. 25-летию фак. прикл. математики и кибернетики ТвГУ | ||
| c | Ответственность | Твер. гос. ун-т; [Редкол.: А. В. Язенин (отв. ред.) и др.] | ||
| 260 | 0_ | a | Место издания | Тверь |
| b | Издательство | Тверской государственный университет | ||
| c | Дата издания | 2002 | ||
| 300 | a | Объем | 160 с. | |
| b | Иллюстрации/ тип воспроизводства | ил. | ||
| 504 | a | Библиография | Библиогр. в конце ст. | |
| 583 | a | Действие | Получение впервые 47 30.01.2004 | |
| k | Исполнитель действия | Дар ПМиК ТвГУ | ||
| 583 | a | Действие | Приписка 414 24.11.2004 | |
| k | Исполнитель действия | Дар Цирулева А.Н. | ||
| 583 | a | Действие | Приписка 51 16.02.2006 | |
| k | Исполнитель действия | Дар читателя | ||
| 650 | a | Основная рубрика | Сложные системы | |
| x | Основная подрубрика | Моделирование | ||
| x | Основная подрубрика | Оптимизация | ||
| 650 | a | Основная рубрика | Информация | |
| x | Основная подрубрика | Обработка | ||
| 653 | a | Ключевые слова | Сложные системы | |
| a | Ключевые слова | Моделирование сложных систем | ||
| a | Ключевые слова | Оптимизация сложных систем | ||
| a | Ключевые слова | Информация | ||
| a | Ключевые слова | Обработка информации | ||
| a | Ключевые слова | Труды Тверского государственного университета | ||
| 700 | 1_ | a | Другие авторы | Язенин Александр Васильевич |
| e | Роль лиц | отв. ред. | ||
| 710 | a | Организация/ юрисдикция | Тверской государственный университет | |
| 852 | t | Порядковый номер экземпляра | 22 | |
| p | Инвентарный номер | 776738 | ||
| p | Инвентарный номер | 776757 | ||
| p | Инвентарный номер | 776756 | ||
| p | Инвентарный номер | 776755 | ||
| p | Инвентарный номер | 776754 | ||
| p | Инвентарный номер | 776753 | ||
| p | Инвентарный номер | 776752 | ||
| p | Инвентарный номер | 776751 | ||
| p | Инвентарный номер | 776750 | ||
| p | Инвентарный номер | 776749 | ||
| p | Инвентарный номер | 776748 | ||
| p | Инвентарный номер | 776747 | ||
| p | Инвентарный номер | 776746 | ||
| p | Инвентарный номер | 776745 | ||
| p | Инвентарный номер | 776744 | ||
| p | Инвентарный номер | 776743 | ||
| p | Инвентарный номер | 776742 | ||
| p | Инвентарный номер | 776741 | ||
| p | Инвентарный номер | 776740 | ||
| p | Инвентарный номер | 776739 | ||
| p | Инвентарный номер | 792091 48.00 | ||
| p | Инвентарный номер | 834428 35.00 | ||
| 863 | t | 00021914 | ||
| 863 | t | 10690000019865 | ||
| 863 | t | 10690000019846 | ||
| 863 | t | 10690000019847 | ||
| 863 | t | 10690000019848 | ||
| 863 | t | 10690000019849 | ||
| 863 | t | 10690000019850 | ||
| 863 | t | 10690000019851 | ||
| 863 | t | 10690000019852 | ||
| 863 | t | 10690000019853 | ||
| 863 | t | 10690000019854 | ||
| 863 | t | 10690000019855 | ||
| 863 | t | 10690000019856 | ||
| 863 | t | 10690000019857 | ||
| 863 | t | 10690000019858 | ||
| 863 | t | 10690000019859 | ||
| 863 | t | 10690000019860 | ||
| 863 | t | 10690000019861 | ||
| 863 | t | 10690000019862 | ||
| 863 | t | 10690000019863 | ||
| 863 | t | 10690000019864 | ||
| 888 | a | Бесплатные | ||
| 952 | p | 47.2004 35.00 1 776738 | ||
| p | 47.2004 35.00 1 776739 | |||
| p | 47.2004 35.00 1 776740 | |||
| p | 47.2004 35.00 1 776741 | |||
| p | 47.2004 35.00 1 776742 | |||
| p | 47.2004 35.00 1 776743 | |||
| p | 47.2004 35.00 1 776744 | |||
| p | 47.2004 35.00 1 776745 | |||
| p | 47.2004 35.00 1 776746 | |||
| p | 47.2004 35.00 1 776747 | |||
| p | 47.2004 35.00 1 776748 | |||
| p | 47.2004 35.00 1 776749 | |||
| p | 47.2004 35.00 1 776750 | |||
| p | 47.2004 35.00 1 776751 | |||
| p | 47.2004 35.00 1 776752 | |||
| p | 47.2004 35.00 1 776753 | |||
| p | 47.2004 35.00 1 776754 | |||
| p | 47.2004 35.00 1 776755 | |||
| p | 47.2004 35.00 1 776756 | |||
| p | 47.2004 35.00 1 776757 | |||
| p | 414.2004 48.00 1 792091 | |||
| p | 51.2006 35.00 1 834428 | |||
| c | Вид литературы | К рн | ||
| 954 | a | Дата поступления на обработку | 20040218 | |
| 999 | a | Подразделение 2 | Фил3 |